000 00472nam a2200205Ia 4500
008 170918s9999 xx 000 0 und d
020 _a330370391
050 _bD139pu 1998
100 _aDale, Jenny
245 4 _aThe sea dog /
245 _cby Jenny Dale.
260 _aLondon :
260 _bMcmillan Childrens Book,
260 _c1998
300 _a123 pages :
300 _billustrations ;
300 _c19cm.
300 _ePuppy patrol ;
440 _a13
999 _c343844
_d343844